|
|
|
|
| LEADER |
00697nab a2200181 i 4500 |
| 001 |
acta45149 |
| 005 |
20260224081030.0 |
| 008 |
170330s2007 hu o 000 eng d |
| 022 |
|
|
|a 1789-1353
|
| 040 |
|
|
|a SZTE Egyetemi Kiadványok Repozitórium
|b hun
|
| 041 |
|
|
|a eng
|
| 100 |
1 |
|
|a Karajotov Ivan Dimitrov
|
| 245 |
1 |
0 |
|a Meslas, the founder of Messembria, on a coin from the V century BC
|h [elektronikus dokumentum] /
|c Karajotov Ivan Dimitrov
|
| 260 |
|
|
|c 2007
|
| 300 |
|
|
|a 23-31
|
| 490 |
0 |
|
|a Studia Hungaro-Bulgarica
|v 1
|
| 695 |
|
|
|a Nesebar, Régészet - bolgár - tanulmányok, Melsas, Thracian
|
| 856 |
4 |
0 |
|u http://acta.bibl.u-szeged.hu/45149/1/studia_hungaro-bulgarica_001_023-031.pdf
|z Dokumentum-elérés
|